Phipson on evidence

Enregistré dans:
Détails bibliographiques
Autres auteurs: Malek, Hodge M., Howard, M. N., Phipson, Sidney Lovell
Format: Livre
Publié: London : Sweet & Maxwell, 2005.
Édition:16th ed. /
Sujets:
Tags: Ajouter un tag
Pas de tags, Soyez le premier à ajouter un tag!

MARC

LEADER 00000cam a2200000 a 4500
020 |a 0421874708  |c TZS 785,521.8 
040 |a MUL  |b eng  |e AACR 
082 0 4 |a 344.2076 PHI 
245 1 0 |a Phipson on evidence  |c / edited by Hodge M. Malek, M. N. Howard, Sidney Lovell Phipson 
250 |a 16th ed. / 
260 |a London :  |b Sweet & Maxwell,  |c 2005. 
300 |a 1 v. (various pagings) ;  |c 26 cm. 
500 |a Previous ed.: 1990. 
504 |a Includes index. 
650 0 |a Evidence (Law)  |z England. 
700 |a Malek, Hodge M.  
700 |a Howard, M. N.  
700 |a Phipson, Sidney Lovell  
942 |c BK 
999 |c 9822  |d 9822